| 000 | 01058cam a22002774a 4500 | ||
|---|---|---|---|
| 001 | 13346370 | ||
| 005 | 20160531113048.0 | ||
| 008 | 030917s2004 maua |rb 001 0 eng | ||
| 010 | _a 2003061987 | ||
| 020 | _a1402076671 | ||
| 040 |
_aDLC _cDLC _dDLC |
||
| 042 | _apcc | ||
| 050 | 0 | 0 |
_aTA654 _b.P39 2004 |
| 082 | 0 | 0 |
_a624.171 _222 _bPAZ |
| 100 | 1 |
_aPaz, Mario. _912017 |
|
| 245 | 1 | 0 |
_aStructural Dynamics : _bTheory and Computation / _cMario Paz, William Leigh. |
| 250 | _a5th ed. | ||
| 260 |
_aBoston : _bKluwer Academic Publishers, 2004 _c2004. |
||
| 300 |
_axxii, 812 p. : _bill. ; _c24 cm. |
||
| 504 | _aIncludes bibliographical references (p. [803]-805) and index. | ||
| 650 | 0 |
_912018 _aStructural dynamics |
|
| 700 | 1 |
_aLeigh, William E. _912019 |
|
| 856 | 4 | 2 |
_3Publisher description _uhttp://www.loc.gov/catdir/enhancements/fy0813/2003061987-d.html |
| 942 |
_2ddc _cNB |
||
| 999 |
_c13537 _d13537 |
||